Quizzes
Events
Quiz Creation
Community
Videos
Private Events
Remove Ads
Sign In
Join for FREE
Feedback
Dark Mode
Quiz Categories
Sports
Geography
Music
Movies
Television
Just For Fun
Miscellaneous
History
Literature
Language
Science
Gaming
Entertainment
Religion
Holiday
For Kids
Quiz Lab
Recent
Popular Today
Quiz Kudos Today
Editor Picks
Curator Picks
Quizzes by...
Day
Popularity
Type
Ratings
Length
Year
Community
Subscriptions
Recent Discussions
Orange Saloon
Badges
Playlists
Quests
Create
Leaderboards
Showdown
Live 5
Trivia Bingo
Activity
Puzzle Library
Sporcle Events
Private Events
Virtual Trivia
Globe League
Become a Host
Pub Owners
SporcleCon
Opinionation
Our Games
Videos
Blog
Mobile Apps
Partnerships
Remove Ads and Go Orange
Feedback
Music
Pop Music
The Beatles
Song
Album
Lyrics
Bands
Singers
Artist
Clip
Rock
Rap
Classical
Billboard
Country Music
Kpop
Taylor Swift
Music
Pop Music
The Beatles
Song
Album
Lyrics
Bands
Singers
Artist
Clip
Rock
Rap
Classical
Billboard
Country Music
Kpop
Taylor Swift
Random Quiz
Search Sporcle
×
Curator Pick
Curator Pick
Music
Classical
Type in answers that appear in a list
Type in answers that appear in a list
Classic
Best Score? Go Orange.
Operas by famous people Stats
Can you name the Operas by real people appearing in them?
By
armillariella
6m
25 Questions
184 Plays
184 Plays
184 Plays
Comments
Comments
Give Quiz Kudos
Give Quiz Kudos
-
- Ratings
hide this ad
Replay
Link that replays current quiz
Next Quiz
Link to next quiz in quiz playlist
You Got
0%
They Got
Avg Score
43%
Avg Friend Score
Upgrade to see
Score Distribution
Jump to the score distribution portion of the page
Score
0/25
Timer
06:00
0
Plays Today
Person/People
Opera
% Correct
Philip II of Spain
Don Carlos
82.1%
Boris Fyodorovich Godunov
Boris Godunov
76.1%
Herod Antipas
Salome
67.9%
E. T. A. Hoffmann
Les contes d'Hoffmann
67.4%
Mary, Queen of Scots
Maria Stuarda
65.2%
Napoleon Bonaparte, Mikhail Kutuzov
War and Peace
62%
Elizabeth I of England
Maria Stuarda
61.4%
Jane Seymour
Anna Bolena
58.2%
Hans Sachs
Die Meistersinger von Nürnberg
53.8%
Titus Flavius Vespasianus
La clemenza di Tito
53.3%
Elizabeth of Hungary
Tannhäuser
50%
Giovanni Pierluigi da Palestrina
Palestrina
42.4%
Antonio Salieri
Mozart and Salieri
40.2%
Person/People
Opera
% Correct
Ivan Mazepa
Mazeppa
37%
Mithridates VI of Pontus
Mitridate re di Ponto
35.3%
Marguerite de Valois
Les Huguenots
34.8%
Lucius Annaeus Seneca
L'Incoronazione di Poppea
32.1%
Charles V as Emperor
Ernani
30.4%
Roger II of Sicily
King Roger
29.9%
Catherine of Aragon
Henry VIII
25%
Charles VII of France
Giovanna d'Arco
16.8%
Peter the Great
Zar und Zimmermann
16.8%
Dante Alighieri
Francesca da Rimini
14.7%
Vladislav, Czech King
Dalibor
12%
Maria Callas, Grace Kelly, Andy Warhol
Jackie O
11.4%
Quiz Playlist
Details
Report
Send in Message
Add To Playlist
Classic:
Type in answers that appear in a list
Last Updated: Sep 9, 2018
Curator Pick in
Classical
Quiz Scoreboard
CHALLENGE
Sign Up to Join the Scoreboard
Show All
Scores
Hide
Comments
May contain spoilers
Recently Published
Billboard Blitz: Fleetwood Mac
by CooCooCachoo
Music
15s
Presidents Visiting Landmarks
by Hejman
History
7m
An Introduction to Baseball
by treessimontrees
Sports
5m
More to Explore
Quiz From the Vault
Featured Blog Post
Where Did the Easter Bunny Come From?
hide this ad
You Might Also Like...
Tags
Classical Quiz
Famous People
Opera
Today's Top Quizzes in Music
Browse Music
hide this ad
Today's Top Quizzes in Classical
Browse Classical
Top Contributed Quizzes in Music
1
Taylor Swift All Songs (2024)
2
Guess the Artist- 70s Songs
3
7-to-1: Billboard Hot 100 #1 Hits of 2010s
4
Sorting Albums and Songs
5
Taylor Swift Logic Puzzle
6
One Thing in Common: Music
7
2010s Album by Cover III
8
KPOP LOGIC QUIZ
9
Guess the Taylor Swift song (Mystery Song)
10
Guess the Artist- 80s Songs
Explore More
Trending Topics
Crossword
Anime
NBA
Disney
Marvel
Harry Potter
Kpop
The Office
NFL
Puzzle
Country
Pokémon
WWE
Soccer
Song
hide this ad
More By:
armillariella
Quiz
Plays
Rating
Category
Featured
Created
Operas by First Measures (Clickable Audio)
459
5.00
Music
Mar 16, 2013
Dancing operas
356
5.00
Music
Sep 20, 2012
Operas by First Measures 2 (Clickable Audio)
228
5.00
Music
Apr 23, 2013
Operas by famous people
184
5.00
Music
Apr 1, 2012
Composers and their ladies
178
4.00
Music
Dec 11, 2013
Go to Creator's Profile
Score Distribution
Quiz Creator Spotlight
armillariella
Follow
Send a Message
Quizzes Created
-
Created Quiz Play Count
-
More By This Creator
Popular Quizzes Today
1
Find the US States - No Outlines Minefield
2
Find the Countries of Europe - No Outlines Minefield
3
The Countries of the World
4
Find the US States
5
Popular People in 1961
6
US States
7
Risky Map Clicking: Biggest States A-Z
8
Movies - When Are They Set?
More Music Quizzes
BTS DISCOGRAPHY 2013-2020 (Easy Version)
Quiz Lab
Trending Quizzes
Risky Map Clicking: Least Populous States A-Z
1-10 Letter G Words
1-10 Letter F Words
Risky Map Clicking: Next State Alphabetically
'A' Boys' Names Grid
Recently Updated
Leaping Animals
pecheneg
Reality TV Shows (A-Z)
bhenderson79
Rickey Henderson's Hall of Fame Teammates
pecheneg
Champions League XIs: Arsenal
pecheneg
Quick Pick: Celebrities in WWE's Hall of Fame
aduchscher
A-Z Keypad Blitz II
pecheneg
Multiple Oscar Actors
pecheneg
Mystery Phrase Blitz: Oscar 'Best Actors'
pecheneg
F. Scott Fitzgerald Novels
LTH
Pick 3 Villains
ddd62291
Trending Topics
Anime
NBA
Marvel
Disney
Crossword
Harry Potter
Kpop
WWE
The Office
Puzzle
NFL
Country
Soccer
Song
Pokémon
Your Account Isn't Verified!
In order to create a playlist on Sporcle, you need to verify the email address you used during registration. Go to your
Sporcle Settings
to finish the process.
Report this User
Report this user for behavior that violates our
Community Guidelines
.
Details:
Send Report
Go to the Sporcle.com Mobile Site →
Comments